Sudden Death-Capitals - Statistics

General Stats
  • This quiz has been taken 94 times
  • The average score is 7 of 9
Answers on the Grid
Answers color-coded by a green-red scale on the quiz's grid according to % correct below.
Manila
Cairo
Jakarta
New York City
Toronto
Wellington
Tehran
Istanbul
Barcelona
Ulaanbaatar
Rio de janeiro
Stockholm
Mumbai
Lagos
Madrid
Sydney
Munich
Zurich
Casablanca
Montevideo
 
Answer Stats
Answer % Correct
Cairo
93%
Manila
89%
Jakarta
88%
Tehran
81%
Stockholm
78%
Wellington
78%
Madrid
76%
Montevideo
69%
Ulaanbaatar
68%
No matching quizzes found
Score Distribution
Percent of People with Each Score
Percentile by Number Answered
Your Score History
You have not taken this quiz